000 00530nam a2200169 4500
001 123348
003 ES-MaACL
005 20230906192145.0
007 t|
008 070214s1961 sp r ||||1| spa d
245 0 3 _aEl racismo ante la Ciencia moderna
_b: testimonio científico de la Unesco /
_cversión española José Mª Castañeda.
260 _aAndorra :
_bLiber,
_c1961.
300 _a532 p. ;
_c25 cm.
700 1 _aCastañeda, José María.
_936407
710 2 _aUnesco.
_96999
852 _aES-MaACL
_jC-20638
_bR.49074
999 _c123348
_d123348